000 00379nam a2200145Ia 4500
005 20251222141843.0
008 251222s9999||||xx |||||||||||||| ||spa||
020 _a958-699-045-1
082 _a515.1/B59/Ej.2
100 _aBittinger, Marvin L.
245 0 _aCálculo para Ciencias Económico - Administrativas
250 _a7a.ed.
264 _bPearson Educación
942 _cLIB
999 _c7502
_d7502